Gerencia del servicio Alternativa para la competitividad /

Detalles Bibliográficos
Autor principal: Uribe Maca̕s, Mario Enrique
Formato: eBook
Lenguaje:español
Publicado: Bogot:̀ Ediciones de la U, 2017
Edición:3ra. Edicin̤
Materias:
Acceso en línea:Acceso restringido

MARC

LEADER 00000nam a22000007a 4500
005 20210519223156.0
007 cr|||| ||||
008 210519s2017 co |||||s|||| 00||0 spa d
020 |a 978-958-762-651-3 
035 |a 33534 
040 |a vLex 
090 |c 11741  |d 11741 
100 1 |a Uribe Maca̕s, Mario Enrique 
245 1 0 |a Gerencia del servicio  |h [Recurso electrn̤ico] :  |b Alternativa para la competitividad /  |c Mario Enrique Uribe Maca̕s 
250 |a 3ra. Edicin̤ 
256 |a Servicio en ln̕ea 
260 |a Bogot:̀  |b Ediciones de la U,  |c 2017 
300 |a 1 recurso electrn̤ico 
500 |a En este libro se recorre paso a paso el modelo conceptual y metodolg̤ico de la gerencia como alternativa efectiva para que la empresa y su alta direccin̤ construyan ventajas competitivas que le garanticen sobrevivir y le contribuyan a crecer, posicionarse, diferenciarse, obtener utilidades y generar valor a sus stakeholders. El empresario, inmerso en una competencia global debe desarrollar procesos de Gerencia del servicio con el fin de generar ventaja competitiva en su organizacin̤ y proyectarla al futuro, en medio de ambientes cada vez ms̀ competidos. El profesional en formacin̤ debe prepararse para desarrollar la gestin̤ y administracin̤ de su negocio, en un entorno cada vez ms̀ exigente. Esta tercera edicin̤ del libro incluye un capt̕ulo sobre indicadores de gestin̤ para el servicio que presenta un tema fundamental para asegurar que lo planeado con respecto al servicio, se cumpla y se genere procesos de mejora continua alrededor de la gerencia del servicio. 
506 1 |a Disponible solo en los productos indicados  |d vLex Global  |d vLex Global (Academic Edition, excluding Law Schools)  |d vLex Global (U.S. Academic Edition, Law Schools)  |d vLex Global (U.S. Academic Edition, excluding Law Schools)  |d vLex Global (Academic Edition, Law Schools) 
650 0 4 |a Economa̕ y negocios  |z Colombia 
740 0 |a vLex Libros (Servicio en ln̕ea) 
856 4 0 |u https://vlex.com/source/gerencia-del-servicio-alternativa-para-la-competitividad-3a-edicion-33534  |z Acceso restringido 
942 |c BOOK 
999 0 |a Economy and business